Discursos : (Record no. 3189)

MARC details
000 -LEADER
campo de control de longitud fija 00614nam a22001817a 4500
001 - NÚMERO DE CONTROL
campo de control 12032
005 - FECHA Y HORA DE LA ÚLTIMA TRANSACCIÓN
campo de control 20250522045638.0
008 - DATOS DE LONGITUD FIJA--INFORMACIÓN GENERAL
campo de control de longitud fija 5230201973 dr a
020 ## - NÚMERO INTERNACIONAL ESTÁNDAR DEL LIBRO
Número Internacional Estándar del Libro [sin ISBN]
082 ## - NÚMERO DE LA CLASIFICACIÓN DECIMAL DEWEY
Número de clasificación RD 865.44
Número de ítem B181d
100 ## - ENTRADA PRINCIPAL--NOMBRE DE PERSONA
Nombre de persona Balaguer Ricardo, Joaquín Antonio (1906-2002).
245 ## - MENCIÓN DEL TÍTULO
Título Discursos :
Resto del título temas históricos y literarios
Mención de responsabilidad, etc. Joaquín Balaguer
260 ## - PUBLICACIÓN, DISTRIBUCIÓN, ETC.
Lugar de publicación, distribución, etc. Santo Domingo, República Dominicana :,
Nombre del editor, distribuidor, etc. [s. n]
Fecha de publicación, distribución, etc. 1973
300 ## - DESCRIPCIÓN FÍSICA
Extensión 284 páginas :
Otros detalles físicos il. ; 19 cm.
650 ## - PUNTO DE ACCESO ADICIONAL DE MATERIA--TÉRMINO DE MATERIA
Término de materia o nombre geográfico como elemento de entrada 1.Discursos-República Dominicana-Ensayos, conferencias, etc
650 ## - PUNTO DE ACCESO ADICIONAL DE MATERIA--TÉRMINO DE MATERIA
Término de materia o nombre geográfico como elemento de entrada 2.Literatura Dominicana
700 ## - ENTRADA AGREGADA--NOMBRE PERSONAL
Nombre de persona I.Título
Holdings
Estatus retirado Estado de pérdida Estado de daño No para préstamo Colección Biblioteca de origen Biblioteca actual Fecha de adquisición Total de préstamos Signatura topográfica completa Código de barras Visto por última vez Copia número Precio de reemplazo Tipo de ítem Koha
        Acervo general de Libros Biblioteca Central Mons. Favio M. Rivas S. Biblioteca Central Mons. Favio M. Rivas S. 28/06/2016   RD 865.44 000000004851 23/05/2025 1 23/05/2025 Libros
        Acervo general de Libros Biblioteca Central Mons. Favio M. Rivas S. Biblioteca Central Mons. Favio M. Rivas S. 28/06/2016   RD 865.44 000000004852 23/05/2025 2 23/05/2025 Libros
        Acervo general de Libros Biblioteca Central Mons. Favio M. Rivas S. Biblioteca Central Mons. Favio M. Rivas S. 28/06/2016   RD 865.44 000000004853 23/05/2025 3 23/05/2025 Libros
        Acervo general de Libros Biblioteca Central Mons. Favio M. Rivas S. Biblioteca Central Mons. Favio M. Rivas S. 02/03/2022   RD 865.44 000000009743 23/05/2025 4 23/05/2025 Libros